Central Library OPAC University of Rajshahi

Tales from M. Saltykov-Shchedrin / (Record no. 22537)

MARC details
000 -LEADER
fixed length control field 00788nam a22002533 4500
001 - CONTROL NUMBER
control field 22537
003 - CONTROL NUMBER IDENTIFIER
rucl marc code BD-RjUL
005 - DATE AND TIME OF LATEST TRANSACTION
control field 20211209000823.0
008 - FIXED-LENGTH DATA ELEMENTS--GENERAL INFORMATION
fixed length control field 140308t1957 ru 000 1 und d
035 ## - SYSTEM CONTROL NUMBER
System control number (BD-RJUL)22602
040 ## - CATALOGING SOURCE
Original cataloging agency EQO
Transcribing agency EQO
Language of cataloging eng
Modifying agency BD-RjUL
041 ## - LANGUAGE CODE
Language code of text/sound track or separate title eng
082 04 - DEWEY DECIMAL CLASSIFICATION NUMBER
Classification number 891.73
Author mark and year SAT 1957
100 1# - MAIN ENTRY--PERSONAL NAME
Personal name Saltîkov, Mikhail Evgrafovich.
9 (RLIN) 69580
245 10 - TITLE STATEMENT
Title Tales from M. Saltykov-Shchedrin /
Statement of responsibility, etc. (tr. by D. Rottenberg, ed. by J. Gibbons).
260 ## - PUBLICATION, DISTRIBUTION, ETC. (IMPRINT)
Place of publication, distribution, etc. Moscow :
Name of publisher, distributor, etc. Foreign Language publishing,
Date of publication, distribution, etc. 1957
300 ## - PHYSICAL DESCRIPTION
Pagination 198 p ;
Size 23 cm.
490 1# - SERIES STATEMENT
Series statement Classics of Russian literature
650 1# - SUBJECT ADDED ENTRY--TOPICAL TERM
Topical term or geographic name as entry element Tales -- Russia.
9 (RLIN) 69581
700 1# - ADDED ENTRY--PERSONAL NAME
Personal name Rottenberg, D.
Personal name Gibbons, J.
830 #0 - SERIES ADDED ENTRY--UNIFORM TITLE
Uniform title Classics of Russian literature
942 ## - ADDED ENTRY ELEMENTS (KOHA)
Source of classification or shelving scheme Dewey Decimal Classification
Koha item type Books
Holdings
Lost status Source of classification or shelving scheme Damaged status Not for loan Collection code Permanent Location Current Location Shelving location Date acquired Source of acquisition Cost, normal purchase price Total Checkouts Full call number Date last seen Copy number Koha item type
  Dewey Decimal Classification   Added to bundle Fiction Central Library, University of Rajshahi Central Library, University of Rajshahi Reading Room 25/09/1958 USSR corrul 0.00   891.73 SAT 1957 08/03/2014 C-1 Books